| 000 | 01128cam a2200313 a 4500 | ||
|---|---|---|---|
| 001 | 17178986 | ||
| 005 | 20220128102623.0 | ||
| 008 | 120223s2013 maua 001 0 eng | ||
| 010 | _a 2011292776 | ||
| 020 | _a0132830884 (pbk.) | ||
| 020 | _a9780132830881 (pbk.) | ||
| 040 |
_aDLC _cDLC |
||
| 042 | _apcc | ||
| 050 | 0 | 0 |
_aHB172 _b.B233 2013 |
| 082 | 0 | 0 |
_a338.5 _222 |
| 100 | 1 | _aBade, Robin. | |
| 245 | 1 | 0 |
_aFoundations of microeconomics / _cRobin Bade, Michael Parkin. |
| 250 | _a6th ed. | ||
| 260 |
_aBoston : _bPearson, _cc2013. |
||
| 300 |
_axxxvii, 532 p. : _bcol. ill. ; _c28 cm. |
||
| 490 | 0 | _aThe Addison-Wesley series in economics | |
| 500 | _aIncludes index. | ||
| 505 | _aContents: Introduction -- A closer look at markets -- How governments influence the economy -- Market failure and public policy - A closer look at decision makers -- Prices, profits and industry performance -- Incomes and inequality. | ||
| 650 | 0 | _aMicroeconomics. | |
| 700 | 1 |
_aParkin, Michael, _d1939- |
|
| 906 |
_a7 _bcbc _corignew _d3 _encip _f20 _gy-gencatlg |
||
| 942 |
_2ddc _cBK |
||
| 999 |
_c8525 _d16025 |
||